Virasaivism and Vacanakaras (Record no. 224210)

MARC details
000 -LEADER
fixed length control field 00520nam a22001937a 4500
005 - DATE AND TIME OF LATEST TRANSACTION
control field 20220727121446.0
008 - FIXED-LENGTH DATA ELEMENTS--GENERAL INFORMATION
fixed length control field 220726b ||||| |||| 00| 0 eng d
040 ## - CATALOGING SOURCE
Transcribing agency AL
041 ## - LANGUAGE CODE
Language code of text/sound track or separate title English
082 ## - DEWEY DECIMAL CLASSIFICATION NUMBER
Edition number 23
Classification number 294.55
Item number MALV
100 ## - MAIN ENTRY--PERSONAL NAME
Personal name S S Malwad
100 ## - MAIN ENTRY--PERSONAL NAME
9 (RLIN) 53516
245 ## - TITLE STATEMENT
Title Virasaivism and Vacanakaras
260 ## - PUBLICATION, DISTRIBUTION, ETC.
Place of publication, distribution, etc. Bangalore
Name of publisher, distributor, etc. Basava Samiti
Date of publication, distribution, etc. 1992
300 ## - PHYSICAL DESCRIPTION
Extent 58 p.
Other physical details PB
Dimensions 21x13 cm.
650 ## - SUBJECT ADDED ENTRY--TOPICAL TERM
Topical term or geographic name entry element Virasaivism
9 (RLIN) 53517
650 ## - SUBJECT ADDED ENTRY--TOPICAL TERM
Topical term or geographic name entry element Vacanakaras of Karnataka
9 (RLIN) 53518
700 ## - ADDED ENTRY--PERSONAL NAME
Personal name MALWAD (S S)
9 (RLIN) 53519
942 ## - ADDED ENTRY ELEMENTS (KOHA)
Source of classification or shelving scheme Dewey Decimal Classification
Koha item type George Fernandes Collections
Holdings
Withdrawn status Lost status Source of classification or shelving scheme Damaged status Not for loan Collection code Home library Current library Date acquired Total Checkouts Full call number Barcode Date last seen Price effective from Koha item type
    Dewey Decimal Classification     Others St Aloysius Library St Aloysius Library 03/23/2013   294.55 MALV GF01107 07/26/2022 07/26/2022 George Fernandes Collections